শ্রেষ্ঠ কবিতা / (Record no. 3549)
[ view plain ]
| 000 -LEADER | |
|---|---|
| fixed length control field | 00771nam a2200241 a 4500 |
| 001 - CONTROL NUMBER | |
| JCCL Control Number | 3549 |
| 003 - CONTROL NUMBER IDENTIFIER | |
| JCCL marc code | BD-JhCC |
| 005 - DATE AND TIME OF LATEST TRANSACTION | |
| control field | 20211025134020.0 |
| 008 - FIXED-LENGTH DATA ELEMENTS--GENERAL INFORMATION | |
| fixed length control field | 171002s2012 bg |||| ||a| 000 0 ben d |
| 020 ## - INTERNATIONAL STANDARD BOOK NUMBER | |
| International Standard Book Number | 9847012002216 |
| 035 ## - SYSTEM CONTROL NUMBER | |
| system control number | (BD-JhCC) |
| 040 ## - CATALOGING SOURCE | |
| Original cataloging agency | BD-JhCC |
| Modifying agency | BD-JhCC |
| 041 ## - LANGUAGE CODE | |
| Language code of Book | ben |
| 082 ## - DEWEY DECIMAL CLASSIFICATION NUMBER | |
| Classification number | 891.4415 |
| Author mark and Year | DAS 2012 |
| 100 ## - MAIN ENTRY--PERSONAL NAME | |
| Personal name | দাশ, জীবনানন্দ |
| 245 ## - TITLE STATEMENT | |
| Title | শ্রেষ্ঠ কবিতা / |
| Statement of responsibility, etc | জীবনানন্দ দাশ; ড. মিজান রহমান (সম্পাদনা) |
| 260 ## - PUBLICATION, DISTRIBUTION, ETC. (IMPRINT) | |
| Place of publication, distribution, etc | ঢাকা: |
| Name of publisher, distributor, etc | কথাপ্রকাশ, |
| Date of publication, distribution, etc | ২০১২ |
| 300 ## - PHYSICAL DESCRIPTION | |
| Pagination | 128 p.; |
| Dimensions | 22 cm |
| 650 ## - SUBJECT ADDED ENTRY--TOPICAL TERM | |
| Topical term or geographic name as entry element | Bengali poetry |
| 700 ## - ADDED ENTRY--PERSONAL NAME | |
| Personal name | রহমান, ড. মিজান |
| 942 ## - ADDED ENTRY ELEMENTS (KOHA) | |
| Source of classification or shelving scheme | Dewey Decimal Classification |
| Koha item type | Books |
| Koha issues (borrowed), all copies | 1 |
| Source of classification or shelving scheme | Damaged status | Not for loan | Home library | Current library | Shelving location | Date of accession | Cost, normal purchase price | Total Checkouts | Full call number | Barcode | Date last seen | Date checked out | Copy number | Koha item type |
|---|---|---|---|---|---|---|---|---|---|---|---|---|---|---|
| Dewey Decimal Classification | JCC Rouf Library | JCC Rouf Library | General Stacks | 11/14/2017 | 150.00 | 2 | 891.4415 DAS 2012 | 5262 | 02/10/2025 | 02/03/2025 | C-1 | Books |